书目信息 |
| 题名: |
资治通鉴故事丛书
|
|
| 作者: | 徐尚衡 编著 | |
| 分册: | ||
| 出版信息: | 南京 江苏少年儿童出版社 1994 |
|
| 页数: | 10册 | |
| 开本: | 19cm | |
| 丛书名: | ||
| 单 册: | ||
| 中图分类: | K204.3 , I204.3 | |
| 科图分类: | ||
| 主题词: | 古代史--中国--编年体 , 文学--中国 | |
| 电子资源: | ||
| ISBN: | 7-5346-1206-3 | |
| 000 | 00764nam0 2200253 450 | |
| 001 | 1569766208 | |
| 005 | 20150122092835.35 | |
| 010 | @a7-5346-1206-3@dCNY65.00 | |
| 100 | @a20021005d1994 am y0chiy0110 ea | |
| 101 | 0 | @achi |
| 102 | @aCN@b320000 | |
| 105 | @ay z 000zy | |
| 200 | 1 | @a资治通鉴故事丛书@9zi zhi tong jian gu shi cong shu@f徐尚衡等[编著] |
| 210 | @a南京@c江苏少年儿童出版社@d1994 | |
| 215 | @a10册@d19cm | |
| 330 | @a本书包括:帝王篇、名将篇、宰相篇、战争篇、忠烈篇、智谋篇、文人篇、义侠篇。 | |
| 605 | @a《资治通鉴》@x通俗读物 | |
| 606 | 0 | @a古代史@x中国@x编年体 |
| 606 | 0 | @a文学@x中国 |
| 690 | @aK204.3@v5 | |
| 690 | @aI204.3@v4 | |
| 701 | 0 | @a徐尚衡@9xu shang heng@4编著 |
| 801 | 0 | @aCN@bTSSF@c20150122 |
| 905 | @aZUCC@dI204.3@eJY5 | |
| 资治通鉴故事丛书/徐尚衡等[编著].-南京:江苏少年儿童出版社,1994 |
| 10册;19cm |
| ISBN 7-5346-1206-3:CNY65.00 |
| 本书包括:帝王篇、名将篇、宰相篇、战争篇、忠烈篇、智谋篇、文人篇、义侠篇。 |
| ● |
| 相关链接 |
|
|
|
|
正题名:资治通鉴故事丛书
索取号:I204.3/JY5
 
预约/预借
| 序号 | 登录号 | 条形码 | 馆藏地/架位号 | 状态 | 备注 |
| 1 | 7847613 | 278476132 | 学院路分馆/ [索取号:I204.3/JY5] | 在馆 |